[Event "WYCC 2018 O14"]
[Site "Halkidiki"]
[Date "2018.10.20"]
[Round "1"]
[White "Wernberg, Hugo"]
[Black "Murzin, Volodar"]
[Result "0-1"]
[WhiteElo "1956"]
[BlackElo "2340"]
[Annotator "NA"]
[PlyCount "76"]
[EventDate "2018.10.20"]
[EventType "swiss"]
[EventCountry "GRE"]
[SourceTitle "playchess.com"]
[Source "ChessBase"]
[SourceQuality "1"]
[TimeControl "40/5400+30:1800+30"]

1. e4 {[%emt 0:00:00]} c5 {[%emt 0:00:00]} 2. Nf3 {[%emt 0:00:00]} d6 {[%emt 0:00:00]} 3. d4 {[%emt 0:00:00]} cxd4 {[%emt 0:00:00]} 4. Nxd4 {[%emt 0:00:12]} Nf6 {[%emt 0:00:00]} 5. Nc3 {[%emt 0:00:11]} a6 {[%emt 0:00:00]} 6. Bg5 {[%emt 0:00:16]} Nbd7 {[%emt 0:00:00]} 7. f4 {[%emt 0:00:23]} e6 {[%emt 0:00:12]} 8. Qf3 {[%emt 0:00:28]} Be7 {[%emt 0:00:35]} 9. O-O-O {[%emt 0:00:48]} Qc7 {[%emt 0:00:22]} 10. g4 {[%emt 0:00:29]} b5 {[%emt 0:03:36]} 11. a3 {[%emt 0:00:55]} Bb7 {[%emt 0:00:35] B99: Sicilian Najdorf: 6 Bg5 e6 7 f4 Be7 8 Qf3 Qc7 9 0-0-0 Nbd7} (11... Rb8 12. Bxf6 Bxf6 13. g5 Be7 14. Bh3 Nc5 15. Rhg1 b4 16. axb4 Rxb4 17. f5 g6 18. Qe3 Bd7 19. fxe6 fxe6 20. e5 d5 21. Nxe6 Nxe6 22. Nxd5 Qa5 23. Nf6+ Bxf6 24. Bxe6 Bxe6 25. exf6 {½-½ (31) Ljubicic,L (2575)-De Oliveira,J (2574) ICCF email 2010}) 12. Bxf6 {[%emt 0:01:08]} Nxf6 {[%emt 0:03:18]} 13. f5 {[%emt 0:04:03]} e5 {[%emt 0:00:11]} 14. Nde2 {[%emt 0:01:01]} (14. Nb3 $1 $11 {was the only way to keep the balance.}) 14... Rc8 {[%emt 0:02:10]} 15. Rd2 $146 {[%emt 0:13:09] [#]} ({Predecessor:} 15. Ng3 d5 16. exd5 Bxa3 17. bxa3 Qxc3 18. Qxc3 Rxc3 19. g5 Ng4 20. Ne4 Rc7 21. Rd3 Rd7 22. Be2 {1-0 (22) Schuster,B (2096)-Arnhold,K (2029) Germany 2000}) 15... Nd7 {[%emt 0:14:16]} (15... h5 $1 $19 16. h3 Qb6) 16. h4 {[%emt 0:02:25]} h6 {[%emt 0:01:54]} 17. Ng3 {[%emt 0:07:14]} Qd8 {[%emt 0:06:14]} 18. Nh5 {[%emt 0:24:39]} Rg8 {[%emt 0:03:26]} 19. Bh3 {[%emt 0:19:24]} Bxh4 {[%emt 0:05:56]} 20. Rxd6 {[%emt 0:00:56]} Be7 {[%emt 0:00:54]} 21. Rd3 {[%emt 0:04:11]} Bg5+ {[%emt 0:11:47]} 22. Kb1 {[%emt 0:00:26]} Qc7 {[%emt 0:04:45]} 23. Rhd1 {[%emt 0:02:43]} Nb6 $2 {[%emt 0:12:33]} ({Black should play} 23... Bc6 $14) 24. f6 {[%emt 0:03:07]} g6 {[%emt 0:01:06]} 25. Ng3 $16 {[%emt 0:02:47]} (25. Ng7+ $18 {is the precise move to win.} Rxg7 26. fxg7) 25... Nc4 {[%emt 0:04:41]} 26. Qe2 {[%emt 0:05:34]} Qb6 {[%emt 0:06:41]} 27. Rd7 Kf8 {[%emt 0:06:43]} 28. Qd3 {[%emt 0:04:56]} Re8 {[%emt 0:04:20]} 29. Nd5 {[%emt 0:01:14]} Bxd5 {[%emt 0:00:01]} 30. Qxd5 {[%emt 0:00:03]} Qxf6 {[%emt 0:00:31]} 31. Qc5+ {[%emt 0:02:16]} Kg7 {[%emt 0:00:11]} 32. Qa7 {[%emt 0:00:24]} Be3 {[%emt 0:05:01]} 33. Qb7 {[%emt 0:00:09]} Rb8 {[%emt 0:00:08]} 34. Qd5 {[%emt 0:00:11]} Nb6 {[%emt 0:00:59]} 35. Rxf7+ {[%emt 0:00:32]} Qxf7 {[%emt 0:00:05]} 36. Qxe5+ {[%emt 0:00:04]} Kh7 {[%emt 0:01:00]} 37. Nh5 {[%emt 0:00:24]} Bg5 {[%emt 0:01:07]} 38. Qc3 {[%emt 0:01:37]} Rbc8 {[%emt 0:00:58]} 0-1

[Event "WYCC 2018 O14"]
[Site "Halkidiki"]
[Date "2018.10.20"]
[Round "1"]
[White "Ghazaryan, Raffi"]
[Black "Tanriverdi, Enes"]
[Result "0-1"]
[WhiteElo "1916"]
[BlackElo "2317"]
[Annotator "NA"]
[PlyCount "78"]
[EventDate "2018.10.20"]
[EventType "swiss"]
[EventCountry "GRE"]
[SourceTitle "playchess.com"]
[Source "ChessBase"]
[SourceQuality "1"]
[TimeControl "40/5400+30:1800+30"]

1. e4 {[%emt 0:00:00]} c5 {[%emt 0:00:00]} 2. Nf3 {[%emt 0:00:01]} e6 {[%emt 0:00:00]} 3. Nc3 {[%emt 0:00:49]} Nc6 {[%emt 0:00:10]} 4. Bb5 {[%emt 0:01:02]} Nd4 {[%emt 0:01:52]} 5. O-O {[%emt 0:02:18]} Ne7 {[%emt 0:06:09]} 6. Nxd4 {[%emt 0:02:23]} cxd4 {[%emt 0:00:06]} 7. Ne2 {[%emt 0:00:02]} Nc6 {[%emt 0:00:11]} 8. d3 {[%emt 0:02:09]} Be7 {[%emt 0:16:39]} 9. f4 {[%emt 0:01:14]} O-O {[%emt 0:07:17]} 10. Bd2 {[%emt 0:23:19]} a6 {[%emt 0:01:30]} 11. Bxc6 {[%emt 0:01:30]} dxc6 {[%emt 0:00:18]} 12. Ng3 {[%emt 0:01:45]} f5 {[%emt 0:07:36]} 13. Qf3 {[%emt 0:09:21]} c5 {[%emt 0:11:24]} 14. Rae1 {[%emt 0:12:09]} Rb8 {[%emt 0:01:06]} 15. c3 {[%emt 0:08:47]} b5 {[%emt 0:09:13]} 16. Qe2 $11 {[%emt 0:04:45]} Bd6 {[%emt 0:10:39]} 17. cxd4 {[%emt 0:04:26]} cxd4 {[%emt 0:00:07]} 18. e5 {[%emt 0:00:49]} Be7 {[%emt 0:02:40]} 19. Rc1 {[%emt 0:05:53]} Bb7 {[%emt 0:00:19]} 20. Qf2 {[%emt 0:06:14]} Qd5 {[%emt 0:02:03]} 21. a3 {[%emt 0:07:32]} Rfe8 {[%emt 0:15:08]} 22. Bb4 {[%emt 0:04:14]} Bh4 {[%emt 0:03:23]} 23. Rc5 {[%emt 0:00:47]} Qd7 {[%emt 0:00:04]} 24. Rfc1 {[%emt 0:04:10]} Rbc8 {[%emt 0:01:26]} 25. Qe2 {[%emt 0:02:35]} Rxc5 {[%emt 0:01:01]} 26. Rxc5 {[%emt 0:00:21]} Be7 {[%emt 0:01:57]} 27. Rc2 {[%emt 0:02:06]} Bxb4 {[%emt 0:00:03]} 28. axb4 {[%emt 0:00:01]} Rc8 {[%emt 0:00:07]} 29. Rc5 {[%emt 0:01:50]} Rxc5 {[%emt 0:00:14]} 30. bxc5 {[%emt 0:00:01]} b4 {[%emt 0:00:44]} 31. Nxf5 {[%emt 0:01:29]} exf5 {[%emt 0:00:33]} 32. e6 Qc6 {[%emt 0:01:12]} 33. e7 {[%emt 0:00:48]} Kf7 {[%emt 0:00:08]} 34. Kf1 {[%emt 0:00:30]} Qd7 {[%emt 0:00:40]} 35. Qe5 {[%emt 0:00:19]} Qxe7 {[%emt 0:00:16]} 36. Qxf5+ {[%emt 0:00:03]} Kg8 {[%emt 0:00:09]} 37. g3 {[%emt 0:00:55]} h6 {[%emt 0:00:31]} 38. h4 {[%emt 0:00:13]} Bf3 {[%emt 0:00:24]} 39. Qc8+ {[%emt 0:00:07]} Kh7 {[%emt 0:00:05]} 0-1

[Event "WYCC 2018 O14"]
[Site "Halkidiki"]
[Date "2018.10.20"]
[Round "1"]
[White "Ibarra, Juan Martin"]
[Black "Nogerbek, Kazybek"]
[Result "0-1"]
[WhiteElo "1899"]
[BlackElo "2316"]
[Annotator "NA"]
[PlyCount "40"]
[EventDate "2018.10.20"]
[EventType "swiss"]
[EventCountry "GRE"]
[SourceTitle "playchess.com"]
[Source "ChessBase"]
[SourceQuality "1"]
[TimeControl "40/5400+30:1800+30"]

1. e4 {[%emt 0:00:00]} c5 {[%emt 0:00:00]} 2. Nf3 {[%emt 0:00:00]} Nc6 {[%emt 0:00:00]} 3. Bb5 {[%emt 0:00:03]} e6 {[%emt 0:00:29]} 4. Bxc6 {[%emt 0:00:31]} bxc6 {[%emt 0:00:09]} 5. d3 {[%emt 0:00:12]} Ne7 {[%emt 0:00:54]} 6. O-O {[%emt 0:00:17]} Ng6 {[%emt 0:00:11]} 7. Ng5 {[%emt 0:00:09]} h6 {[%emt 0:05:17]} 8. Nh3 {[%emt 0:00:05]} d5 {[%emt 0:20:02]} 9. f4 {[%emt 0:11:14]} Bd6 {[%emt 0:07:03]} 10. e5 {[%emt 0:12:40]} Bc7 {[%emt 0:05:19]} 11. Be3 {[%emt 0:01:57]} Bb6 {[%emt 0:01:53]} 12. a4 {[%emt 0:06:20]} c4 {[%emt 0:02:27]} 13. d4 {[%emt 0:05:18]} O-O {[%emt 0:01:08]} 14. g4 {[%emt 0:06:53]} f6 $17 {[%emt 0:03:21]} 15. f5 {[%emt 0:04:31]} exf5 {[%emt 0:01:33]} 16. gxf5 {[%emt 0:00:08]} fxe5 {[%emt 0:00:15]} 17. fxg6 {[%emt 0:14:01]} Bxh3 {[%emt 0:00:33]} 18. Rf7 {[%emt 0:00:10]} Bxd4 {[%emt 0:01:15]} 19. Bxd4 {[%emt 0:00:12]} Qg5+ {[%emt 0:00:09]} 20. Kf2 {[%emt 0:00:33]} Qxg6 {[%emt 0:00:13]} 0-1

[Event "WYCC 2018 O14"]
[Site "Halkidiki"]
[Date "2018.10.20"]
[Round "1"]
[White "Unneland, Mathias"]
[Black "Cardoso Cardoso, Jose Gabriel"]
[Result "0-1"]
[WhiteElo "1884"]
[BlackElo "2313"]
[Annotator "NA"]
[PlyCount "76"]
[EventDate "2018.10.20"]
[EventType "swiss"]
[EventCountry "GRE"]
[SourceTitle "playchess.com"]
[Source "ChessBase"]
[SourceQuality "1"]
[TimeControl "40/5400+30:1800+30"]

1. d4 {[%emt 0:00:00]} Nf6 {[%emt 0:00:00]} 2. c4 {[%emt 0:00:00]} g6 {[%emt 0:00:12]} 3. Nc3 {[%emt 0:00:00]} Bg7 {[%emt 0:00:06]} 4. g3 {[%emt 0:00:42]} O-O {[%emt 0:00:27]} 5. Bg2 {[%emt 0:00:34]} d6 {[%emt 0:00:07]} 6. Nf3 {[%emt 0:01:42]} Nc6 {[%emt 0:00:21]} 7. O-O {[%emt 0:01:13]} Bf5 {[%emt 0:00:20]} 8. d5 {[%emt 0:04:51]} Na5 {[%emt 0:00:23]} 9. Nd2 {[%emt 0:05:42]} c5 {[%emt 0:00:24]} 10. e4 {[%emt 0:02:37]} Bd7 {[%emt 0:00:37]} 11. a3 {[%emt 0:02:19] E62: King's Indian: Fianchetto: 6...c6 and Panno Variation (6...Nc6) without ...a6} (11. Rb1 e5 12. a3 b6 13. b4 Nb7 14. Nb3 Ng4 15. f3 Nf6 16. bxc5 dxc5 17. Qd3 Nd6 18. a4 Nh5 {0-1 (34) Inarkiev,E (2680)-Smirin,I (2663) Khanty-Mansiysk 2013}) 11... Qc8 {[%emt 0:09:27]} 12. f3 {[%emt 0:03:25]} a6 $146 {[%emt 0:06:21]} ({Predecessor:} 12... Nh5 13. Qc2 Rb8 14. a4 a6 15. b3 Bd4+ 16. Kh1 e5 17. Ra2 Qd8 {1-0 (47) Khurtsidze,N (2420)-Szczepkowska,K (2321) Ohrid 2009}) 13. Qe2 {[%emt 0:01:55]} Ne8 {[%emt 0:06:23]} 14. Rb1 {[%emt 0:05:24]} b5 {[%emt 0:01:26]} 15. cxb5 {[%emt 0:06:34]} axb5 {[%emt 0:00:33]} 16. Nd1 {[%emt 0:04:34]} b4 {[%emt 0:10:07]} 17. b3 {[%emt 0:03:43]} bxa3 {[%emt 0:02:11]} 18. Bxa3 {[%emt 0:00:26]} Nc7 {[%emt 0:01:08]} (18... Bd4+ $17 19. Kh1 Nc7) 19. Bb2 {[%emt 0:02:03]} Nb5 {[%emt 0:07:38]} 20. Bxg7 {[%emt 0:02:02]} Kxg7 {[%emt 0:00:03]} 21. Qe3 {[%emt 0:02:29]} Rb8 {[%emt 0:10:34]} 22. Ra1 {[%emt 0:12:47]} Qc7 {[%emt 0:01:14]} 23. Rc1 $17 {[%emt 0:05:32]} Qb6 {[%emt 0:02:14]} 24. Nc4 {[%emt 0:06:06]} Nxc4 {[%emt 0:00:10]} 25. bxc4 {[%emt 0:00:13]} Nd4 {[%emt 0:00:17]} 26. Rf2 {[%emt 0:00:56]} Qa6 {[%emt 0:02:36]} 27. Qc3 {[%emt 0:11:46]} Rb3 {[%emt 0:01:05]} 28. Ra1 {[%emt 0:03:28]} Qb7 {[%emt 0:02:11]} 29. Qc1 {[%emt 0:03:17]} Rb8 {[%emt 0:03:25]} 30. g4 {[%emt 0:03:33]} Qb4 {[%emt 0:05:22]} 31. h3 {[%emt 0:01:44]} Qe1+ {[%emt 0:02:01]} 32. Kh2 {[%emt 0:00:51]} Ne2 {[%emt 0:00:32]} 33. Rxe2 {[%emt 0:00:38]} Qxe2 {[%emt 0:00:03]} 34. Ra7 {[%emt 0:01:16]} Rd3 {[%emt 0:08:40]} 35. Nc3 {[%emt 0:01:45]} Qb2 {[%emt 0:01:13]} 36. Qf1 {[%emt 0:01:15]} Rxc3 {[%emt 0:00:19]} 37. Rxd7 {[%emt 0:00:07]} Rc1 {[%emt 0:00:19]} 38. Qd3 {[%emt 0:00:08]} Rc2 {[%emt 0:01:05]} 0-1

[Event "WYCC 2018 O14"]
[Site "Halkidiki"]
[Date "2018.10.20"]
[Round "1"]
[White "Tombolis, Christopher"]
[Black "Tsay, Vincent"]
[Result "0-1"]
[WhiteElo "1882"]
[BlackElo "2310"]
[Annotator "NA"]
[PlyCount "132"]
[EventDate "2018.10.20"]
[EventType "swiss"]
[EventCountry "GRE"]
[SourceTitle "playchess.com"]
[Source "ChessBase"]
[SourceQuality "1"]
[TimeControl "40/5400+30:1800+30"]

1. e4 {[%emt 0:00:00]} c5 {[%emt 0:00:00]} 2. Nf3 {[%emt 0:00:00]} e6 {[%emt 0:00:00]} 3. c3 {[%emt 0:00:00]} Nf6 {[%emt 0:00:00]} 4. Qc2 {[%emt 0:04:07]} Qc7 {[%emt 0:03:25] B40: Sizilianisch (Klassisches System mit e7-e6)} (4... d5 5. e5 Nfd7 6. g3 Nc6 7. Bg2 Qc7 8. d4 cxd4 9. Bf4 d3 10. Qxd3 Ndxe5 11. Nxe5 Nxe5 12. Qe2 {½-½ (38) Rodriguez Vila,A (2547)-Flores Rios,M (2391) Villa Martelli 2007}) 5. d4 {[%emt 0:17:50]} cxd4 {[%emt 0:00:58]} 6. Nxd4 {[%emt 0:00:07]} a6 {[%emt 0:00:16]} 7. Be2 {[%emt 0:08:28]} Bc5 $146 {[%emt 0:09:29]} ({Vorgänger:} 7... b5 8. Be3 Bb7 9. Nd2 d5 10. Bf3 Nbd7 11. O-O Ne5 12. exd5 Nxf3+ 13. N2xf3 Bxd5 {0-1 (33) Kuttnig,R (1943)-Schippel,G (2083) St Veit 2008}) 8. Be3 {[%emt 0:19:14]} d5 {[%emt 0:04:57]} 9. exd5 {[%emt 0:10:15]} Nxd5 {[%emt 0:00:42]} 10. Qe4 {[%emt 0:08:15]} Nxe3 {[%emt 0:01:50]} 11. fxe3 {[%emt 0:03:03]} O-O {[%emt 0:01:56]} 12. b4 {[%emt 0:04:24]} (12. Nd2 $15) 12... Bd6 {[%emt 0:01:49]} 13. Nf3 {[%emt 0:00:56]} Nd7 {[%emt 0:05:01]} 14. O-O {[%emt 0:01:00]} Nf6 {[%emt 0:02:13]} 15. Qh4 {[%emt 0:00:50]} Bd7 {[%emt 0:01:09]} 16. Bd3 {[%emt 0:01:41]} h6 {[%emt 0:02:44]} 17. a3 {[%emt 0:04:40]} e5 {[%emt 0:11:26]} 18. c4 {[%emt 0:01:10]} b6 {[%emt 0:03:36]} 19. Nbd2 {[%emt 0:00:57]} a5 {[%emt 0:04:56]} 20. Ne4 {[%emt 0:00:52]} Ng4 {[%emt 0:05:35]} 21. h3 {[%emt 0:03:22]} Nxe3 {[%emt 0:06:34]} 22. Nf6+ {[%emt 0:03:21]} gxf6 {[%emt 0:07:42]} 23. Qxh6 {[%emt 0:00:02]} Nf5 {[%emt 0:08:35]} 24. Qh5 {[%emt 0:00:01]} e4 {[%emt 0:00:58]} 25. Bxe4 {[%emt 0:00:39]} axb4 {[%emt 0:00:37]} 26. Qg4+ {[%emt 0:04:56]} Ng7 {[%emt 0:00:37]} 27. Qh4 {[%emt 0:00:05]} Qc5+ {[%emt 0:01:52]} 28. Kh1 {[%emt 0:00:45]} Qh5 {[%emt 0:05:46]} 29. Bxa8 {[%emt 0:01:17]} Qxh4 {[%emt 0:01:20]} 30. Nxh4 {[%emt 0:00:01]} Rxa8 {[%emt 0:00:03]} 31. Rad1 {[%emt 0:01:23]} Ne8 {[%emt 0:00:59]} 32. axb4 {[%emt 0:00:01]} Be6 {[%emt 0:00:27]} 33. c5 {[%emt 0:01:25]} bxc5 {[%emt 0:00:08]} 34. bxc5 {[%emt 0:00:01]} Bxc5 {[%emt 0:00:02]} 35. Nf5 {[%emt 0:00:18]} Ng7 {[%emt 0:04:42]} 36. g4 {[%emt 0:01:39]} Ra3 {[%emt 0:01:25]} 37. Nxg7 {[%emt 0:00:40]} Kxg7 {[%emt 0:00:13]} 38. Kg2 {[%emt 0:00:29]} Bc8 {[%emt 0:00:02]} 39. Rf4 {[%emt 0:00:44]} Bb7+ {[%emt 0:00:33]} 40. Kf1 {[%emt 0:00:00]} Rxh3 {[%emt 0:00:00]} 41. Rd7 {[%emt 0:21:53]} Bf3 {[%emt 0:01:02]} 42. Rxf3 {[%emt 0:01:09]} Rxf3+ {[%emt 0:00:07]} 43. Kg2 {[%emt 0:00:04]} Rc3 {[%emt 0:00:05]} 44. Rd5 {[%emt 0:00:16]} Kg6 {[%emt 0:00:02]} 45. Rf5 {[%emt 0:01:06]} Bd4 {[%emt 0:00:05]} 46. Rh5 {[%emt 0:01:14]} Be5 {[%emt 0:00:03]} 47. Rh8 {[%emt 0:00:36]} Rg3+ {[%emt 0:00:07]} 48. Kf2 {[%emt 0:00:12]} Rxg4 {[%emt 0:00:06]} 49. Rg8+ {[%emt 0:00:04]} Kf5 {[%emt 0:00:04]} 50. Rf8 {[%emt 0:00:12]} Ke6 {[%emt 0:00:24]} 51. Re8+ {[%emt 0:00:24]} Kd5 {[%emt 0:00:08]} 52. Kf3 {[%emt 0:00:31]} f5 {[%emt 0:00:12]} 53. Re7 {[%emt 0:00:08]} f6 {[%emt 0:00:23]} 54. Rd7+ {[%emt 0:00:06]} Ke6 {[%emt 0:00:03]} 55. Rd1 {[%emt 0:00:43]} Rg3+ {[%emt 0:00:07]} 56. Kf2 {[%emt 0:00:06]} f4 {[%emt 0:00:02]} 57. Kf1 {[%emt 0:00:30]} Kf5 {[%emt 0:00:03]} 58. Rd2 {[%emt 0:01:17]} Kg4 {[%emt 0:00:05]} 59. Rd5 {[%emt 0:00:56]} Ra3 {[%emt 0:00:12]} 60. Kf2 {[%emt 0:01:33]} f3 {[%emt 0:00:14]} 61. Rd1 {[%emt 0:01:26]} Bg3+ {[%emt 0:00:26]} 62. Kf1 {[%emt 0:00:16]} f5 {[%emt 0:00:12]} 63. Kg1 {[%emt 0:00:46]} Ra2 {[%emt 0:00:14]} 64. Rb1 {[%emt 0:01:34]} Rg2+ {[%emt 0:00:11]} 65. Kf1 {[%emt 0:00:21]} Rh2 {[%emt 0:00:07]} 66. Rb4+ {[%emt 0:00:55]} f4 {[%emt 0:00:03]} 0-1

[Event "WYCC 2018 O14"]
[Site "Halkidiki"]
[Date "2018.10.20"]
[Round "1"]
[White "Morgenstern, Tobias"]
[Black "Krastev, Alexander"]
[Result "0-1"]
[WhiteElo "1876"]
[BlackElo "2298"]
[Annotator "NA"]
[PlyCount "58"]
[EventDate "2018.10.20"]
[EventType "swiss"]
[EventCountry "GRE"]
[SourceTitle "playchess.com"]
[Source "ChessBase"]
[SourceQuality "1"]
[TimeControl "40/5400+30:1800+30"]

1. e4 {[%emt 0:00:00]} e5 {[%emt 0:00:00]} 2. Nf3 {[%emt 0:00:00]} Nc6 {[%emt 0:00:00]} 3. Bc4 {[%emt 0:00:00]} Nf6 {[%emt 0:00:00]} 4. d3 {[%emt 0:00:00]} Be7 {[%emt 0:00:42]} 5. O-O {[%emt 0:00:34]} O-O {[%emt 0:00:06]} 6. Re1 {[%emt 0:00:17]} d6 {[%emt 0:00:21]} 7. a4 {[%emt 0:00:09]} h6 {[%emt 0:00:15]} 8. a5 {[%emt 0:01:41]} a6 {[%emt 0:00:04]} 9. c3 {[%emt 0:02:37]} Nh7 {[%emt 0:01:22]} 10. Nbd2 {[%emt 0:05:07]} Ng5 {[%emt 0:01:17]} 11. h3 {[%emt 0:02:39]} Be6 {[%emt 0:09:52]} 12. Qb3 $11 {[%emt 0:18:17]} Qd7 {[%emt 0:04:38]} 13. d4 {[%emt 0:04:06]} Bxc4 {[%emt 0:33:55]} 14. Qxc4 {[%emt 0:00:12]} Bf6 {[%emt 0:01:17]} 15. b4 {[%emt 0:07:59]} exd4 {[%emt 0:02:32]} 16. cxd4 {[%emt 0:02:10]} Rfe8 {[%emt 0:00:51]} 17. Bb2 {[%emt 0:02:09]} Nxf3+ {[%emt 0:02:38]} 18. Nxf3 {[%emt 0:01:49]} Rxe4 {[%emt 0:01:29]} 19. Rxe4 {[%emt 0:12:08]} d5 {[%emt 0:00:22]} 20. Qb3 {[%emt 0:08:58]} dxe4 {[%emt 0:00:49]} 21. Ne5 {[%emt 0:00:10]} Bxe5 {[%emt 0:02:51]} 22. dxe5 {[%emt 0:00:52]} Rd8 {[%emt 0:00:19]} 23. Qg3 {[%emt 0:02:53]} Qd3 {[%emt 0:07:40]} 24. Qg4 {[%emt 0:04:20]} Qc2 {[%emt 0:01:04]} 25. Ba3 {[%emt 0:09:49]} Nxe5 {[%emt 0:01:55]} 26. Qg3 {[%emt 0:04:41]} f6 27. Rc1 Rd1+ {[%emt 0:00:41]} 28. Rxd1 {[%emt 0:00:40]} Qxd1+ {[%emt 0:00:00]} 29. Kh2 Qd3 0-1

[Event "WYCC 2018 O14"]
[Site "Halkidiki"]
[Date "2018.10.20"]
[Round "1"]
[White "Tsarsitalidis, Konstantinos"]
[Black "Ozenir, Ekin Baris"]
[Result "0-1"]
[WhiteElo "1864"]
[BlackElo "2293"]
[Annotator "NA"]
[PlyCount "108"]
[EventDate "2018.10.20"]
[EventType "swiss"]
[EventCountry "GRE"]
[SourceTitle "playchess.com"]
[Source "ChessBase"]
[SourceQuality "1"]
[TimeControl "40/5400+30:1800+30"]

1. e4 {[%emt 0:00:00]} Nc6 {[%emt 0:00:00]} 2. d4 {[%emt 0:00:00]} d5 {[%emt 0:00:49]} 3. Nc3 {[%emt 0:00:00]} dxe4 {[%emt 0:01:50]} 4. d5 {[%emt 0:00:00]} Ne5 {[%emt 0:00:54]} 5. Qd4 {[%emt 0:00:44]} Ng6 {[%emt 0:01:49]} 6. Qxe4 {[%emt 0:00:09]} a6 {[%emt 0:02:12] B00: Queen's Fianchetto Defence, Nimzowitsch Defence} (6... Nf6 7. Qa4+ c6 8. dxc6 bxc6 9. g3 Bd7 10. Bg2 Nd5 11. Nxd5 cxd5 12. Qd4 e6 13. Nf3 Rc8 14. O-O Bb5 {0-1 (39) Bezgodov,A (2497)-Egorov,E (2361) Pavlodar 2016}) 7. Nf3 {[%emt 0:10:53]} Nf6 {[%emt 0:00:28]} 8. Qd3 {[%emt 0:00:24]} Bg4 $146 {[%emt 0:09:43]} ({Predecessor:} 8... e5 9. dxe6 Bxe6 10. Qxd8+ Rxd8 11. Bd3 Nd5 12. Nxd5 {½-½ (12) Pattard,T-Schuetz,T (2295) Ludweiler 1994}) 9. h3 {[%emt 0:05:00]} Bxf3 {[%emt 0:04:48]} 10. Qxf3 {[%emt 0:00:02]} Qd6 {[%emt 0:02:53]} 11. Qf5 {[%emt 0:10:21]} (11. Be3 $14) 11... Rd8 {[%emt 0:05:52]} 12. Be3 {[%emt 0:16:59]} Nxd5 {[%emt 0:07:07]} 13. Nxd5 {[%emt 0:00:11]} Qxd5 {[%emt 0:01:42]} 14. Qxd5 {[%emt 0:00:02]} Rxd5 {[%emt 0:00:10]} 15. Bc4 {[%emt 0:00:27]} Rd8 {[%emt 0:01:55]} 16. Ke2 {[%emt 0:00:31]} e6 {[%emt 0:01:56]} 17. Rad1 {[%emt 0:01:32]} Bd6 {[%emt 0:02:47]} 18. Bd3 {[%emt 0:04:00]} Ne7 {[%emt 0:04:50]} 19. Be4 {[%emt 0:01:35]} b6 {[%emt 0:04:00]} 20. c4 {[%emt 0:02:09]} O-O {[%emt 0:06:03]} 21. f4 {[%emt 0:10:43]} f5 {[%emt 0:10:07]} 22. Bf3 $17 {[%emt 0:00:31]} Ng6 {[%emt 0:02:06]} 23. g3 {[%emt 0:00:30]} e5 {[%emt 0:03:00]} 24. Bd5+ {[%emt 0:01:49]} Kh8 {[%emt 0:00:15]} 25. Kf3 {[%emt 0:08:27]} e4+ {[%emt 0:03:53]} 26. Ke2 {[%emt 0:00:39]} Bc5 {[%emt 0:03:55]} 27. Bxc5 {[%emt 0:05:10]} bxc5 {[%emt 0:00:04]} 28. Be6 {[%emt 0:03:23]} Rd4 {[%emt 0:02:13]} 29. Rxd4 {[%emt 0:03:48]} cxd4 {[%emt 0:00:05]} 30. Rd1 {[%emt 0:00:11]} c5 {[%emt 0:01:10]} 31. a3 {[%emt 0:01:34]} h5 {[%emt 0:03:33]} 32. h4 {[%emt 0:00:38]} a5 {[%emt 0:02:02]} 33. Rb1 {[%emt 0:00:59]} Ne7 {[%emt 0:02:38]} 34. b4 {[%emt 0:00:59]} Rb8 {[%emt 0:01:00]} 35. b5 {[%emt 0:00:28]} Rb6 {[%emt 0:00:39]} 36. Bd7 {[%emt 0:01:35]} Kg8 {[%emt 0:02:01]} 37. Kd2 {[%emt 0:01:42]} Kf7 {[%emt 0:00:50]} 38. Re1 {[%emt 0:00:09]} g6 {[%emt 0:00:48]} 39. Kc2 {[%emt 0:01:28]} a4 {[%emt 0:00:32]} 40. Kd2 {[%emt 0:00:00]} Ng8 {[%emt 0:00:00]} 41. Bc6 {[%emt 0:05:14]} Nf6 {[%emt 0:02:39]} 42. Rb1 {[%emt 0:03:44]} Ke6 {[%emt 0:01:12]} 43. Re1 {[%emt 0:00:15]} Kd6 {[%emt 0:00:19]} 44. Kc2 {[%emt 0:01:19]} Kc7 {[%emt 0:00:14]} 45. Kd2 {[%emt 0:00:09]} Rb8 {[%emt 0:00:20]} 46. Rd1 {[%emt 0:00:35]} Rd8 {[%emt 0:00:40]} 47. Kc2 {[%emt 0:00:29]} Ng4 {[%emt 0:01:32]} 48. Kd2 {[%emt 0:00:16]} Kb6 {[%emt 0:00:37]} 49. Rf1 {[%emt 0:05:40]} Nh2 {[%emt 0:02:58]} 50. Rd1 {[%emt 0:00:23]} Nf3+ {[%emt 0:02:02]} 51. Kc2 {[%emt 0:01:41]} d3+ {[%emt 0:00:16]} 52. Kc3 {[%emt 0:00:09]} Rd4 {[%emt 0:00:46]} 53. Be8 {[%emt 0:00:28]} e3 {[%emt 0:00:49]} 54. Rxd3 {[%emt 0:00:09]} e2 {[%emt 0:00:09] Kxd4} 0-1

[Event "WYCC 2018 O14"]
[Site "Halkidiki"]
[Date "2018.10.20"]
[Round "1"]
[White "Gomez Barrera, Gonzalo Andres"]
[Black "Gines Esteo, Pedro Antonio"]
[Result "0-1"]
[WhiteElo "1843"]
[BlackElo "2288"]
[Annotator "NA"]
[PlyCount "52"]
[EventDate "2018.10.20"]
[EventType "swiss"]
[EventCountry "GRE"]
[SourceTitle "playchess.com"]
[Source "ChessBase"]
[SourceQuality "1"]
[TimeControl "40/5400+30:1800+30"]

1. e4 {[%emt 0:00:00]} c6 {[%emt 0:00:00]} 2. d4 {[%emt 0:00:00]} d5 {[%emt 0:00:00]} 3. e5 {[%emt 0:00:09]} Bf5 {[%emt 0:00:02]} 4. h4 {[%emt 0:00:10]} h5 {[%emt 0:00:40]} 5. Bd3 {[%emt 0:00:24]} Bxd3 {[%emt 0:00:07]} 6. Qxd3 {[%emt 0:00:12]} e6 {[%emt 0:00:05]} 7. Bg5 {[%emt 0:00:37] B12: Caro-Kann: Advance Variation} Be7 {[%emt 0:00:12]} 8. Nf3 {[%emt 0:00:31]} Nh6 {[%emt 0:00:07]} 9. Bxh6 {[%emt 0:00:10]} (9. Nc3 Nd7 10. Ne2 c5 11. Nf4 cxd4 12. Nxh5 Qa5+ 13. Bd2 Qb6 14. Nxg7+ Kf8 {0-1 (41) Saric,I (2664)-Le,Q (2737) chess.com INT 2018}) 9... Rxh6 {[%emt 0:00:12]} 10. Nbd2 {[%emt 0:08:02]} c5 {[%emt 0:18:32]} 11. dxc5 {[%emt 0:14:53]} Na6 {[%emt 0:02:14]} 12. b4 $146 {[%emt 0:13:56]} ({Predecessor:} 12. Nb3 Rc8 13. O-O-O Nxc5 14. Nxc5 Rxc5 {½-½ (24) Perez Candelario,M (2576)-Peralta,F (2565) La Roda 2017}) 12... Nxb4 {[%emt 0:01:51]} 13. Qb5+ {[%emt 0:00:10]} Nc6 {[%emt 0:00:08]} 14. Qxb7 {[%emt 0:00:50]} Qc8 {[%emt 0:02:42]} 15. Qxc8+ {[%emt 0:01:37]} Rxc8 {[%emt 0:00:02]} 16. c4 {[%emt 0:00:43]} Nb4 {[%emt 0:06:39]} 17. O-O {[%emt 0:01:41]} Bxc5 {[%emt 0:02:18]} 18. cxd5 {[%emt 0:14:38]} exd5 {[%emt 0:02:12]} 19. Nb3 {[%emt 0:00:41]} Bb6 {[%emt 0:01:01]} 20. Nbd4 {[%emt 0:02:28]} Rg6 {[%emt 0:02:01]} 21. a3 $17 {[%emt 0:25:20]} Nd3 {[%emt 0:04:56]} 22. Rad1 {[%emt 0:06:05]} Rc3 {[%emt 0:01:50]} 23. Kh1 {[%emt 0:04:15]} Rg4 {[%emt 0:02:52]} 24. Nb5 {[%emt 0:02:24]} Rb3 {[%emt 0:00:15]} 25. Nd6+ {[%emt 0:00:35]} Kf8 {[%emt 0:00:33]} 26. Rd2 {[%emt 0:01:28]} Nf4 {[%emt 0:00:30]} 0-1